000 00647nam a22002177a 4500
100 _aWang, X.
245 _aPreparation and ablation properties study of a single component ceramifiable RTV silicone rubber
260 _bJournal of Rubber Research, 26(5): 2023. 391-405.
300 _bNovember
650 _aRoom temperature vulcanised silicone rubber
650 _aCeramic residue
650 _aAdhesion property
650 _aOrthogonal experiment
700 _aHuang, Ao.
700 _aZhao, M.
700 _aLi, J.
700 _aLi, S.
700 _aLi, X.
856 _uhttps://doi.org/10.1007/s42464-023-00222-6
942 _cJS
999 _c75261
_d75261